La búsqueda de la lengua perfecta en la cultura europea / (Record no. 10111)

MARC details
000 -LEADER
campo de control de longitud fija 00833nam a2200265 i 4500
001 - NÚMERO DE CONTROL
campo de control 10111
003 - IDENTIFICADOR DE NÚMERO DE CONTROL
campo de control ES-MaACL
005 - FECHA Y HORA DE LA ÚLTIMA TRANSACCIÓN
campo de control 20250902063048.0
008 - DATOS DE LONGITUD FIJA--INFORMACIÓN GENERAL
campo de control de longitud fija 950214s1994 sp |||| | spa d
020 ## - NÚMERO INTERNACIONAL ESTÁNDAR DEL LIBRO
Número Internacional Estándar del Libro 84-7423-652-5
080 ## - NÚMERO DE LA CLASIFICACIÓN DECIMAL UNIVERSAL
Número de la Clasificación Decimal Universal 81:008(4)
100 1# - ENTRADA PRINCIPAL--NOMBRE DE PERSONA
Nombre de persona Eco, Umberto,
Fechas asociadas al nombre 1932-2016
9 (RLIN) 46611
245 13 - MENCIÓN DEL TÍTULO
Título La búsqueda de la lengua perfecta en la cultura europea /
Mención de responsabilidad, etc. Umberto Eco.
260 ## - PUBLICACIÓN, DISTRIBUCIÓN, ETC.
Lugar de publicación, distribución, etc. Barcelona :
Nombre del editor, distribuidor, etc. Crítica,
Fecha de publicación, distribución, etc. D.L. 1994.
300 ## - DESCRIPCIÓN FÍSICA
Extensión 318 p. ;
Dimensiones 23 cm.
490 1# - MENCIÓN DE SERIE
Mención de serie La construcción de Europa
500 ## - NOTA GENERAL
Nota general Índice.
504 ## - NOTA DE BIBLIOGRAFÍA, ETC.
Nota de bibliografía, etc. Bibliografía: p.[295]-308.
650 #4 - PUNTO DE ACCESO ADICIONAL DE MATERIA--TÉRMINO DE MATERIA
Término de materia o nombre geográfico como elemento de entrada Lenguaje-
Subdivisión general Filosofía.
9 (RLIN) 14344
650 #4 - PUNTO DE ACCESO ADICIONAL DE MATERIA--TÉRMINO DE MATERIA
Término de materia o nombre geográfico como elemento de entrada Lenguaje y cultura.
9 (RLIN) 141588
650 #4 - PUNTO DE ACCESO ADICIONAL DE MATERIA--TÉRMINO DE MATERIA
Término de materia o nombre geográfico como elemento de entrada Lenguas artificiales.
9 (RLIN) 136381
830 0# - PUNTO DE ACCESO ADICIONAL DE SERIE-TÍTULO UNIFORME
Título uniforme La construcción de Europa
9 (RLIN) 179009
852 ## - LOCALIZACIÓN
Ubicación ES-MaACL
Número de control de estantería L-17576
Holdings
Estatus retirado Estado de pérdida Estado de daño No para préstamo Biblioteca de origen Biblioteca actual Ubicación en estantería Fecha de adquisición Fuente de adquisición Total de préstamos Signatura topográfica completa Código de barras Visto por última vez Precio de reemplazo Tipo de ítem Koha
        Biblioteca del Ateneo de Madrid Biblioteca del Ateneo de Madrid Depósito 2 17/01/2008     L-17576 1010320 23/02/2023 23/02/2023 Libro impreso